Регионална библиотека "Любен Каравелов" - Русе

Проектиране на автоматизирани информационни системи (Запис номер 57433)

MARC детайли
000 -Лидер
Контролно поле с фиксирана дължина 01273nam a2200289 c 4500
003 - Код на организацията, давaща контролен номер
Контролно поле BLK
005 - Дата и час на последна редакция
Контролно поле 20180422102106.0
008 - Елементи от данни с фиксирана дължина
fixed length control field 180408b bul|||||r ||||||| ||bul||
010 ## - Наследен системен номер
LC control number KNG00061436000
040 ## - Източник на каталожния запис
Идентификатор на билиотеката - собственик на записа BLK
041 ## - Код за език
Код за езика на текст/звукозапис или на отделно заглавие Български
Код за езика КДБФ Български
080 ## - УДК
Текстов определител УДК Автоматизация
УДК код - определител по УДК 005.591.6
УДК определител (075.8)
УДК - код + определител 005.591.6(075.8)
080 ## - УДК
Текстов определител УДК Проектиране. Конструкции и съставни части на системите за обработка на данни
УДК код - определител по УДК 681.3.02
УДК определител (075.8)
УДК - код + определител 681.3.02(075.8)
100 1# - Редна дума - Автор
Автор Бъчваров, А.
Авторска отговорност първи автор
R(LIN) 287614
139 ## - Редно поле
Редна дума Проектиране на автоматизирани информационни системи
Авторски знак
245 10 - Сведения за заглавието
Заглавие Проектиране на автоматизирани информационни системи
Подзаглавни данни Учебник за студентите от ВИИ
Редно поле (дума) А. Бъчваров; обща ред. на А. Бъчваров.
257 ## - Страна на издаване
Страна на създаване/издаване България
260 ## - Област на издателските данни
-- София
Име на издателя, разпространителя и проч. Наука и изкуство
Година на издаване 1989
300 ## - Физическа характеристика
Страници 312 с.
Размери/Мащаб 22 см
380 ## - Жанр
Жанр Техника
700 1# - Други автори (авторска отговорност)
Лично име Бъчваров, А.
Автороска отговорност (Описва отношението между автора и произведението) обща ред. на
9 (RLIN) 369502
852 ## - Местоположение
Форматна сигнатура Цб 160290
856 4# - Електронен адрес и достъп
Електронен формат pdf - файл
Път до файла /url/
856 4# - Електронен адрес и достъп
Електронен формат pdf - файл
Път до файла /url/
942 ## - АРТИКУЛИ
Вид на библиотечния материал Книги
Скрит в OPAC Не
944 ## - СЪЗДАВАНЕ И РЕДАКЦИЯ на ЗАПИСА
Създаване/Редакция Създаване
Дата на регистрацията/редакция 13.06.2004
Служител, извършил регистрацията/редакцията Читалня
944 ## - СЪЗДАВАНЕ И РЕДАКЦИЯ на ЗАПИСА
Създаване/Редакция Редакция
Дата на регистрацията/редакция 10.09.2015
Служител, извършил регистрацията/редакцията
999 ## - СИСТЕМНИ КОНТРОЛНИ НОМЕРА
Koha biblionumber 57433
Koha biblioitemnumber 57433
Наличности
Код за отписване Код за изгубен артикул Код за повреда Коз за рестрикции Код за отдаване Артикулен № Име на библиотеката - собственик Име на библиотеката, в която се намира в момента Статус (Текущо местоположение) Дата на вписване в системата Местоположение - отдел Цена в лева Инвентарен номер Систематично азбучна сигнатура Баркод Номер на екземпляра Цена в евро Служебна бележка Служебен тип на артикула Бележка за публиката Източник на класификационната схема
Изтеглен Не е изгубен Не е повреден без рестрикции ползва се в читалня 93088 Регионална библиотека "Любен Каравелов" Русе Регионална библиотека "Любен Каравелов" Русе   1993-01-01 Читалня 1.27 526532 Ч 65.011/П91 526532 1 0.65 Дата инв: 16.06.2010 Бележки инв: 2010 Книги Отч.N: 52/17 , Дата: 12.10.2017  
Изтеглен Не е изгубен Не е повреден без рестрикции заемане за дома 93089 Регионална библиотека "Любен Каравелов" Русе Регионална библиотека "Любен Каравелов" Русе Заемна - подръчен фонд 1989-01-01 Заемна - подръчен фонд 1.27 526531 П 65.011.56/П91 526531 2 0.65 N: стар фонд Дата: 01.01.1989 Книги   Universal Decimal Classification
  Не е изгубен Не е повреден без рестрикции ползва се в читалня 93090 Регионална библиотека "Любен Каравелов" Русе Регионална библиотека "Любен Каравелов" Русе Хранилище 1989-01-01 Хранилище 1.27 525980 Цб 160290 120000525980 3 0.65 N: стар фонд Дата: 01.01.1989 Книги   Universal Decimal Classification
Vip Innovations Ltd, Rousse, Bulgaria 2025